000 00840nam a2200253Ia 4500
003 OSt
005 20220927105037.0
006 a|||||r|||| 00| 0
007 ta
008 220926b |||||||| |||| 00| 0 eng d
024 _a185081
037 _cReference Collections
040 _aRTL
_cRTL
_beng
041 _2eng
_aeng
082 _a"V2,32-93(Y5926).N76<N73r, L6/GD"
110 _a"INDIA, HOME AFFAIRS (Ministry of-)"
245 0 _aCommittee on the welfare of scheduled castes and scheduled tribes (1973-76)
_b Forty-fourth report.
260 _aNew
_bDelhi Lok Sabha secretariat
_c1976
300 _a"vii,24p."
_ccm.
500 _aAppendix :24p.
700 _a"INDIA, HOME AFFAIRS (Ministry of-)"
942 _h"V2,32-93(Y5926).N76<N73r, L6/GD"
_cCC
999 _c690456
_d690456